00688nam a2200181 i 450000100060000000300090000600500170001500700030003200800410003511000200007624000270009624501340012326000420025730000210029985200230032099900170034395201460036047064ES-MaACL20230906161509.0t|030403s1934 po ||||1| fre d1 aPortugal.9624010aConstitución. f193410aConstitución politique de la Republique Portugaise b: aprouvée par le Plebiscite National du 19 mars 1934 : l'acte colonial. aLisbonne : bEditions S.P.N., c1934. a67 p. ; c20 cm. aES-MaACLj1812-F-8 c47064d47064 001040708Colección_de_folletosaATENEOMbATENEOMcDEPOFd2008-01-17eSCl0o1812-F-8p1049504r2023-02-23 00:00:00w2023-02-23yFOLLETOS